00000000nam 2200000zi 4500
0019.945887
003CaOODSP
00520250103072155
006m     o  d f      
007cr mn|||||||||
008241204t20242024quc     ob   f000 0 fre d
020 |a9780660747835
040 |aCaOODSP|bfre|erda|cCaOODSP
043 |an-cn-bc|an-us-wa|apn-----
0861 |aEn4-437/2025F-PDF
24500|aCoopération Canada - États-Unis pour la mer des Salish : |bplan d'action 2025-2028.
264 1|a[Gatineau, Québec] : |b[Environnement et changement climatique Canada], |c[2024]
264 4|c©2024
300 |a1 ressource en ligne (ii, 10 pages)
336 |atexte|btxt|2rdacontent/fre
337 |ainformatique|bc|2rdamedia/fre
338 |aressource en ligne|bcr|2rdacarrier/fre
500 |aPublié aussi en anglais sous le titre : Canada - United States cooperation in the Salish Sea: 2025-2028 action plan.
500 |a« EC24195 » -- Page ii.
504 |aComprend des références bibliographiques.
650 6|aEnvironnement|xProtection|zSalish, Mer des (C.-B. et Wash.)
650 6|aIndicateurs écologiques|zSalish, Mer des (C.-B. et Wash.)
650 6|aÉcosystèmes marins|xSanté|zSalish, Mer des (C.-B. et Wash.)
7101 |aCanada. |bEnvironnement et changement climatique Canada, |eorganisme de publication.
7101 |aÉtats-Unis. |bEnvironmental Protection Agency, |eorganisme de publication.
77508|tCanada - United States cooperation in the Salish Sea : |w(CaOODSP)9.945886
795 |tCoopération Canada - État-Unis pour la mer des Salish : |b(2021-2024)|w(CaOODSP)9.900504
85640|qPDF|s515 Ko|uhttps://publications.gc.ca/collections/collection_2024/eccc/en4/En4-437-2025-fra.pdf
986 |aEC24195